00367pab a2200133 454500008004000000100001600040245007900056260000900135300001200144362001100156650002700167700001900194773002000213180718b1997 xxu||||| |||| 00| 0 eng d aNiraj Kumar aConstraints in the use of educational technology in agricultural education c1997 ap.11-13 a14 Jul aAgricultural education aTripathi, J.D. aUniversity News